000 00694nam a22002177a 4500
005 20180726121101.0
010 _aENG-113195
020 _a9789350350232
_c1595.00
035 _aEN-96727, B-167926
037 _bDBAD/PUB
082 _a347.54077
100 _aKhanna, A.N.
245 _aLaw of court fees and suits valuation /
_cby A.N. Khanna ; revised by Shriniwas Gupta
250 _a8th ed
260 _aDelhi
_bUniversal Law Publishing
_c2011
270 _aC-FF-1A, Diskhush Industrial Estate,G.T. Karnal Road,
_bDelhi
_e110033
300 _aciv,1440p.
_c25cm(Hb)
500 _aIncludes index
700 _aGupta, Shriniwas
942 _2ddc
_cEN
_mKHA
_h347.54077
999 _c94090
_d94090